| 000 | 00000nam 2200000zi 4500 |
| 001 | 9.934028 |
| 003 | CaOODSP |
| 005 | 20240219083447 |
| 006 | m o d f |
| 007 | cr |n||||||||| |
| 008 | 240216t20232023qucb o f|0| 0 iku d |
| 040 | |aCaOODSP|beng|erda|cCaOODSP |
| 043 | |an-cn-nf |
| 086 | 1 |aR64-105/81-2023Iku2-PDF |
| 245 | 00|a[Tongait KakKasuangita SilakKijapvinga : |bTorngat Mountains National Park of Canada management plan, 2023.] |
| 250 | |a[Inuktitut (Nunavut) edition] |
| 264 | 1|a[Gatineau, QC] : |bParks Canada = Parcs Canada, |c2023. |
| 264 | 4|c©2023 |
| 300 | |a1 online resource (xii, 16 pages) : |bmaps |
| 336 | |atext|btxt|2rdacontent |
| 337 | |acomputer|bc|2rdamedia |
| 338 | |aonline resource|bcr|2rdacarrier |
| 500 | |aEnglish title supplied by the publisher. |
| 546 | |aText in Nunavut. |
| 650 | 0|aNational parks and reserves|zNewfoundland and Labrador|xManagement. |
| 710 | 2 |aParks Canada, |eissuing body. |
| 775 | 08|tTongait KakKasuangita SilakKijapvinga : |w(CaOODSP)9.909730 |
| 856 | 40|qPDF|s4.79 MB|uhttps://publications.gc.ca/collections/collection_2024/pc/R64-105-81-2023-iku2.pdf |